000 00713nam a2200205 a 4500
001 000010667
005 20240412074220.0
008 091009s1953 dr 001 p spa d
040 _aDO-SdBNP
_bspa
_cBNPHU
082 _aRD861.44
_bM538o
100 1 _aMéndez, Abad
_925842
245 1 0 _aOfrenda :
_ba mi patria a mí pueblo y a mí jefe /
_cAbad Méndez ; prólogo Lazaro Manuel Monteagudo.
260 _aCiudad Trujillo, República Dominicana :
_bEditora Dominicana,
_c1953.
300 _a92 p. ;
_c23 cm.
504 _aIncluye referencias bibliográficas
650 0 _aPoesía dominicana
_966
650 0 _aLiteratura dominicana.
_967
700 1 _aMonteagudo, Lazaro Manuel,
_epról.
_925843
049 _aBNPD
999 _c10422
_d10422